000 01217nam0a22002531 4500
001 rc\712141
005 20250621223031.0
035 _a(NLR Aleph) 005955813
090 _a6805115
_c6805115
100 _a20031121d1994 |||y0rusy50 ca
101 0 _arus
102 _aRU
105 _ay |||||||||
200 1 _aАКТУАЛЬНЫЕ вопросы неврологии, нейрохирургии и медицинской генетики
_eСб. тез. респ. конф., посвящ. 70-летнему юбилею засл. деят. науки РФ, проф. Н.А. Борисовой
_fПод общ. ред. проф. Р.В. Магжанова
210 _aУфа
_cБашк. мед. ун-т
_d1994
215 _a76 с.
_d21
300 _aВ надзаг.: М-во здравоохранения Респ. Башкортостан, Башк. гос. мед. ин-т, Башк. респ. о-во неврологов, Башк. респ. о-во мед. генетиков
600 1 _aБорисова
_bН.А.
_2psbo
702 1 _aМагжанов
_bР.В.
_gРим Валеевич
_4340
801 0 _aRU
_bNLR
_gpsbo
801 1 _aRU
_bELAR
_2rusmarc
852 _aNLR
_j96-4/22454
942 _cBOOK
980 _aNB